[Event "Sparkassen Open A 2013"]
[Site "Dortmund GER"]
[Date "2013.08.02"]
[Round "7.37"]
[White "Grahl, Matthias"]
[Black "Deinert, Wolfgang"]
[Result "1/2-1/2"]
[WhiteElo "1935"]
[BlackElo "1778"]
[WhiteFideId "4692918"]
[BlackFideId "4685229"]
[EventDate "2013.07.27"]

1. e4 e6 2. d4 d5 3. Nc3 Bb4 4. e5 c5 5. a3 Bxc3+ 6. bxc3 Ne7 7. Nf3 Qa5 8. Bd2
Qa4 9. Be2 b6 10. O-O Ba6 11. Bxa6 Nxa6 12. Qb1 O-O 13. Qb3 Qxb3 14. cxb3 Rfc8
15. Rfc1 c4 16. b4 Nc7 17. a4 a6 18. Ne1 b5 19. a5 f6 20. exf6 gxf6 21. Bf4 Kf7
22. Bxc7 Rxc7 23. f4 Rg8 24. Kf2 Nf5 25. Ra2 Nd6 26. Nf3 Rg4 27. g3 Rc8 28. Re2
Rcg8 29. Nd2 h5 30. Rce1 h4 31. Rxe6 hxg3+ 32. hxg3 Nf5 33. Rxa6 Rxg3 34. Ra7+
Kg6 35. Rg1 Rxg1 36. Kxg1 Kh5+ 37. Kf2 Kg4 38. Rf7 Kxf4 39. Rxf6 Rh8 40. a6 Kg5
41. Re6 Rh2+ 42. Ke1 Kf4 43. a7 Rh8 44. Rb6 Ra8 45. Rxb5 Rxa7 46. Ra5 Re7+ 47.
Kd1 Ne3+ 48. Kc1 Rg7 49. Ra2 Rg1+ 50. Kb2 Nd1+ 51. Kc2 Ne3+ 52. Kb2 Nd1+ 1/2-1/2

[Event "Sparkassen Open A 2013"]
[Site "Dortmund GER"]
[Date "2013.08.02"]
[Round "7.39"]
[White "Morgenroth, Hubertus"]
[Black "Oberste, Norbert"]
[Result "1/2-1/2"]
[WhiteElo "1857"]
[BlackElo "1778"]
[WhiteFideId "12922269"]
[BlackFideId "24608432"]
[EventDate "2013.07.27"]

1. e4 e6 2. d4 d5 3. exd5 exd5 4. Bd3 Nf6 5. Ne2 Bd6 6. Nbc3 c6 7. Nf4 Qe7+ 8.
Nce2 g5 9. Nh3 Bxh3 10. gxh3 Ne4 11. Be3 f5 12. Kf1 f4 13. Bd2 Qe6 14. Ng1 O-O
15. Kg2 Nxd2 16. Qxd2 g4 17. f3 gxh3+ 18. Nxh3 Kh8 19. Bxh7 Rf7 20. Ng5 Rg7 21.
h4 Na6 22. Rae1 Qh6 23. Bf5 Qf6 24. Bg4 Nc7 25. Kf2 Re7 26. Rxe7 Bxe7 27. Qd3
Qg7 28. c3 Rg8 29. Qe2 Bf6 30. Qd2 Bd8 31. Bc8 b6 32. Bg4 Qh6 33. Kg2 Kg7 34.
Qd3 Qg6 35. Qxg6+ Kxg6 36. Nh3 Be7 37. h5+ Kh6 38. Re1 Bd6 39. Nf2 c5 40. dxc5
bxc5 41. Nd3 Rb8 42. Re2 Re8 1/2-1/2

[Event "Sparkassen Open A 2013"]
[Site "Dortmund GER"]
[Date "2013.08.03"]
[Round "8.2"]
[White "Webb, Laurence E"]
[Black "Michalczak, Thomas"]
[Result "0-1"]
[WhiteTitle "FM"]
[BlackTitle "FM"]
[WhiteElo "2286"]
[BlackElo "2299"]
[WhiteFideId "402389"]
[BlackFideId "4622634"]
[EventDate "2013.07.27"]

1. e4 e5 2. Nf3 Nc6 3. d4 exd4 4. Bc4 Nf6 5. e5 d5 6. Bb5 Ne4 7. Nxd4 Bd7 8.
Bxc6 bxc6 9. O-O Bc5 10. f3 Ng5 11. f4 Ne4 12. Be3 Qb8 13. Nc3 Qxb2 14. Nxe4
dxe4 15. Qd2 Rd8 16. Rfb1 Qa3 17. Nb3 Bb6 18. Qf2 Be6 19. Bc5 Bxb3 20. Bxa3
Bxf2+ 21. Kxf2 Bxc2 22. Rb7 Rd2+ 23. Kg1 Kd7 24. Bd6 Rc8 25. Re1 c5 26. Bxc5 Kc6
27. Be3 Rxg2+ 28. Kxg2 Kxb7 29. Rc1 Bd3 30. Rc3 a6 31. Kg3 Re8 32. Rc5 c6 33. f5
Kc7 34. Rc3 g6 35. e6 gxf5 36. Bf4+ Kb6 37. Be3+ Kc7 38. Bf4+ Kb6 39. Be3+ Kb7
40. Rb3+ Kc8 41. exf7 Rf8 42. Kf4 Rxf7 43. Ke5 c5 44. Bxc5 f4 45. Bd6 Bb5 46.
Rc3+ Kb7 47. Ke6 Be8 48. Rb3+ Kc6 49. Rc3+ Kb5 50. Rc5+ Kb6 51. Rc8 f3 52. Bc5+
Kb5 53. a4+ Kxa4 54. Rxe8 f2 55. Bxf2 Rxf2 56. Kd5 Rf4 57. Re6 a5 58. Rh6 Kb3
59. Kd4 a4 60. Rxh7 a3 61. Rb7+ Kc2 62. Rc7+ Kd2 63. Ra7 e3+ 64. Ke5 Rc4 65.
Rxa3 e2 66. Ra2+ Rc2 67. Ra1 e1=Q+ 68. Rxe1 Kxe1 69. h4 Rh2 0-1

[Event "Sparkassen Open A 2013"]
[Site "Dortmund GER"]
[Date "2013.08.03"]
[Round "8.3"]
[White "Torres-Kuckel, Rafael"]
[Black "Schmittdiel, Eckhard"]
[Result "1/2-1/2"]
[WhiteTitle "FM"]
[BlackTitle "GM"]
[WhiteElo "2269"]
[BlackElo "2435"]
[WhiteFideId "4625072"]
[BlackFideId "4600096"]
[EventDate "2013.07.27"]

1. e4 c5 2. Nf3 Nc6 3. d4 cxd4 4. Nxd4 e5 5. Nb5 d6 6. N1c3 a6 7. Na3 b5 8. Nd5
Nce7 9. c4 Nxd5 10. cxd5 Nf6 11. Bd3 Bd7 12. O-O Be7 13. Qe2 Qb6 14. Nc2 O-O 15.
Kh1 a5 16. Be3 Qb7 17. Bd2 Ne8 18. Rac1 b4 19. f4 exf4 20. Bxf4 Bf6 21. e5 dxe5
22. Qe4 Bf5 23. Qxf5 g6 24. Qe4 exf4 25. Nd4 Qb6 26. Rxf4 Qxd4 27. Qxd4 Bxd4 28.
Rxd4 Nd6 29. Kg1 Kg7 30. Rc6 Rfd8 31. Kf2 Kf6 32. Re4 Rac8 33. Re2 Rxc6 34. dxc6
Rc8 35. Rc2 Ke7 36. b3 Kd8 37. Rc5 Ra8 38. c7+ Kd7 39. Ke3 Ra7 40. Kd4 Rxc7 1/2-1/2

[Event "Sparkassen Open A 2013"]
[Site "Dortmund GER"]
[Date "2013.08.03"]
[Round "8.5"]
[White "Imcke, Patrick"]
[Black "Wagner, Alexej"]
[Result "0-1"]
[WhiteElo "1962"]
[BlackElo "2220"]
[WhiteFideId "4622502"]
[BlackFideId "4129555"]
[EventDate "2013.07.27"]

1. e4 c5 2. Nc3 d6 3. Nf3 Nf6 4. d4 cxd4 5. Nxd4 a6 6. Be2 e5 7. Nb3 Be7 8. Bg5
Nbd7 9. Qd3 Qc7 10. O-O O-O 11. Bg4 Nb6 12. Bxc8 Raxc8 13. Bxf6 Bxf6 14. Na5
Rfd8 15. Rfd1 Be7 16. Rab1 d5 17. exd5 Bb4 18. Nb3 Bxc3 19. bxc3 Nxd5 20. c4 Nb6
21. Qe4 Nxc4 22. Rd3 g6 23. h4 f5 24. Qe2 b5 25. h5 Kg7 26. Rbd1 a5 27. Nc5 Kf6
28. Nd7+ Ke6 29. Nc5+ Kf6 30. Nd7+ Ke7 31. Rd5 e4 32. a4 bxa4 33. R5d4 Rxd7 34.
Rxd7+ Qxd7 35. Rxd7+ Kxd7 36. c3 a3 37. Qd1+ Ke7 38. Qb3 Rc7 39. hxg6 hxg6 40.
Kh2 Kf6 41. Qb5 f4 42. g4 e3 43. fxe3 fxe3 44. Kg1 a2 45. g5+ Kg7 46. Qa4 e2 47.
Kf2 Re7 48. Ke1 a1=Q+ 49. Qxa1 Ne3 50. c4+ Kh7 51. Kf2 e1=Q+ 52. Qxe1 Ng4+ 53.
Kf1 Rxe1+ 54. Kxe1 Ne5 0-1

[Event "Sparkassen Open A 2013"]
[Site "Dortmund GER"]
[Date "2013.08.03"]
[Round "8.6"]
[White "Koenig, Christian"]
[Black "Schmuecker, Marcus"]
[Result "1/2-1/2"]
[WhiteElo "2114"]
[BlackElo "2255"]
[WhiteFideId "4656997"]
[BlackFideId "4658892"]
[EventDate "2013.07.27"]

1. e4 d5 2. exd5 Qxd5 3. Nf3 Bg4 4. Be2 Nc6 5. d4 O-O-O 6. c4 Qf5 7. Be3 Bxf3 8.
Bxf3 Nxd4 9. Bxd4 Qe6+ 10. Be2 c5 11. O-O Rxd4 12. Qc2 Qe4 13. Qxe4 Rxe4 14. Nc3
Rd4 15. Nb5 Rd2 16. Bg4+ e6 17. Nxa7+ Kb8 18. Nb5 Nf6 19. Rfd1 Rxd1+ 20. Rxd1 1/2-1/2

[Event "Sparkassen Open A 2013"]
[Site "Dortmund GER"]
[Date "2013.08.03"]
[Round "8.8"]
[White "Friedel, Marcus"]
[Black "Schorra, Helmut"]
[Result "1-0"]
[WhiteElo "2120"]
[BlackElo "2083"]
[WhiteFideId "4688708"]
[BlackFideId "4648692"]
[EventDate "2013.07.27"]

1. e4 c5 2. c3 d5 3. exd5 Qxd5 4. d4 Nf6 5. Nf3 e6 6. Bd3 Be7 7. O-O O-O 8. c4
Qd8 9. dxc5 Na6 10. c6 bxc6 11. Nc3 Nc5 12. Bc2 Qc7 13. Qe2 Qa5 14. b3 Bb7 15.
Ne5 Nfd7 16. Bf4 Bd6 17. Nxd7 Nxd7 18. Qd3 1-0

[Event "Sparkassen Open A 2013"]
[Site "Dortmund GER"]
[Date "2013.08.03"]
[Round "8.11"]
[White "Agrest, Inna"]
[Black "Meyer, Juergen1"]
[Result "1-0"]
[WhiteTitle "WIM"]
[WhiteElo "2193"]
[BlackElo "2075"]
[WhiteFideId "1708830"]
[BlackFideId "4623878"]
[EventDate "2013.07.27"]

1. e4 c5 2. Nf3 d6 3. d4 cxd4 4. Nxd4 Nf6 5. Nc3 a6 6. Bg5 e6 7. f4 Nbd7 8. Qf3
Qc7 9. O-O-O b5 10. Bd3 Bb7 11. Rhe1 O-O-O 12. Kb1 Kb8 13. Qf1 Rc8 14. a3 Qa5
15. Nb3 Qb6 16. Bh4 Rxc3 17. bxc3 Qc7 18. c4 bxc4 19. Bxc4 Nxe4 20. Re3 d5 21.
Rxe4 dxe4 22. Bxa6 Bxa3 23. Qb5 Nb6 24. Bxb7 Qxb7 25. Na5 Qc7 26. Bd8 1-0

[Event "Sparkassen Open A 2013"]
[Site "Dortmund GER"]
[Date "2013.08.03"]
[Round "8.14"]
[White "Schiefelbusch, Dirk"]
[Black "Scheck, Kyrill"]
[Result "1-0"]
[WhiteElo "2133"]
[BlackElo "2070"]
[WhiteFideId "4694139"]
[BlackFideId "1271861"]
[EventDate "2013.07.27"]

1. Nf3 g6 2. d4 Nf6 3. Bg5 Bg7 4. e3 c5 5. c3 O-O 6. Nbd2 cxd4 7. exd4 d5 8. Bd3
Nc6 9. Qc2 Be6 10. O-O Rc8 11. Qb1 Qd7 12. Re1 Bf5 13. a4 Bxd3 14. Qxd3 Qf5 15.
Qb5 Rc7 16. Bh4 Nh5 17. h3 Nf4 18. Bg3 g5 19. Nf1 e6 20. Ne3 Qg6 21. Ng4 Kh8 22.
Nfe5 Nxe5 23. Nxe5 Qf5 24. Re3 Rg8 25. Rae1 Bf8 26. Rf3 Bd6 27. Kf1 h5 28. h4 f6
29. Nd3 Qg6 30. hxg5 a6 31. Nxf4 Bxf4 32. Qd3 Bxg3 33. Qxg6 Rxg6 34. Rxg3 fxg5
35. Re5 Rcg7 36. Rge3 Re7 37. Rxd5 Rc7 38. Rde5 Rc6 39. Rg3 Rb6 40. b4 Rc6 41.
Rexg5 Rxg5 42. Rxg5 Rxc3 43. Rxh5+ Kg8 44. Rc5 Rd3 45. Rc8+ Kf7 46. Rc7+ Kf6 47.
Rxb7 Rxd4 48. a5 Rd2 49. Rb6 Rb2 50. g3 Kf5 51. Kg2 e5 52. Kf3 Rb3+ 53. Ke2 Ke4
54. Rxa6 Rxb4 55. Rf6 Rb2+ 56. Kf1 Kd5 57. a6 Ra2 58. g4 e4 59. g5 Ke5 60. Ke1
Ra3 61. Kd2 Rd3+ 62. Kc2 Rd7 63. Kc3 Rg7 64. Rb6 Kf4 65. g6 e3 66. fxe3+ Kxe3
67. Re6+ Kf4 68. Kd4 Kf5 69. Kd5 Rd7+ 70. Rd6 Rc7 71. Rc6 Rd7+ 72. Kc5 Ke5 73.
Kb6 Kd5 74. a7 Rd8 75. Kb7 Rd7+ 76. Rc7 1-0

[Event "Sparkassen Open A 2013"]
[Site "Dortmund GER"]
[Date "2013.08.03"]
[Round "8.15"]
[White "Beutelhoff, Josef"]
[Black "Vogt, Marc Jonas"]
[Result "0-1"]
[WhiteElo "2111"]
[BlackElo "1893"]
[WhiteFideId "4621336"]
[BlackFideId "24695661"]
[EventDate "2013.07.27"]

1. c4 e6 2. d4 d5 3. Nc3 c5 4. cxd5 cxd4 5. Qxd4 Nc6 6. Qd1 exd5 7. Nxd5 Nf6 8.
Nxf6+ Qxf6 9. a3 Bg4 10. Qa4 Bc5 11. e3 Bd7 12. Qc2 Bb6 13. Nf3 O-O-O 14. Bd2
Bf5 15. Qc3 Qe7 16. b4 Kb8 17. Bb5 Nd4 18. Ba4 Nxf3+ 19. gxf3 Bd4 20. Qc1 Rc8
21. Qd1 Bxa1 22. Qxa1 Bc2 23. Bb5 Qg5 24. Be2 Rhd8 25. Bc3 Bd3 26. Bxd3 Rxd3 27.
Bxg7 Rxe3+ 28. fxe3 Qxe3+ 29. Kf1 Qxf3+ 30. Kg1 Qe3+ 31. Kf1 Rc1+ 32. Kg2 Rc2+ 0-1

[Event "Sparkassen Open A 2013"]
[Site "Dortmund GER"]
[Date "2013.08.03"]
[Round "8.16"]
[White "Kuckling, Hannah"]
[Black "Schoder, Volker"]
[Result "1/2-1/2"]
[WhiteElo "1953"]
[BlackElo "2095"]
[WhiteFideId "24603660"]
[BlackFideId "24602213"]
[EventDate "2013.07.27"]

1. e4 Nf6 2. e5 Nd5 3. d4 d6 4. c4 Nb6 5. exd6 exd6 6. Nc3 Be7 7. Nf3 Bg4 8. Be2
Nc6 9. b3 O-O 10. Be3 Re8 11. O-O h6 12. Qd2 Bf6 13. Rac1 Qd7 14. Rfe1 Rad8 15.
h3 Bf5 16. Nh2 Qe7 17. Bg4 Qd7 18. Ne2 Qc8 19. Ng3 Ne7 20. Nh5 Nd7 21. Bf4 g6
22. Nxf6+ Nxf6 23. Bxh6 Bxg4 24. Nxg4 Nxg4 25. hxg4 Qxg4 26. Bg5 Nf5 27. Bxd8
Rxd8 28. f3 Qh4 29. Re4 Qf6 30. Rce1 Kg7 31. Qf4 Rh8 32. d5 Rh5 33. Qc1 Kh7 34.
Qa1 Qg5 35. Re8 f6 36. R8e4 Nh4 37. Rg4 Qd2 38. Re7+ Kh6 39. Qf1 f5 40. Rg3 f4
41. Rg4 Nf5 42. Qa1 Nd4 43. Qf1 Nxf3+ 44. Qxf3 Qd4+ 45. Qf2 Rh1+ 46. Kxh1 Qxf2
47. Re6 Qc2 48. Kh2 Qf5 1/2-1/2

[Event "Sparkassen Open A 2013"]
[Site "Dortmund GER"]
[Date "2013.08.03"]
[Round "8.18"]
[White "Nielsen, Frode B."]
[Black "Steinle, Carsten"]
[Result "1-0"]
[WhiteElo "2015"]
[BlackElo "2229"]
[WhiteFideId "1405721"]
[BlackFideId "24676462"]
[EventDate "2013.07.27"]

1. e4 e6 2. Qe2 b6 3. f4 Bb7 4. Nf3 Nf6 5. Nc3 c5 6. e5 Nd5 7. Nxd5 Bxd5 8. d4
Nc6 9. dxc5 Bxc5 10. c4 Bxf3 11. Qxf3 Rc8 12. Bd2 d6 13. exd6 Qxd6 14. O-O-O O-O
15. Bd3 Bd4 16. Kb1 Rfd8 17. Bc3 Qc5 18. Qe4 g6 19. Qe1 a5 20. Rf1 Rc7 21. g4
Rcd7 22. f5 Qe5 23. fxe6 fxe6 24. Bxd4 Rxd4 25. Qf2 Nb4 26. Qf7+ Kh8 27. Qe7 h5
28. Rf7 R4d7 29. Rf8+ Rxf8 30. Qxf8+ Kh7 31. Bxg6+ Kxg6 32. Qe8+ Rf7 33. gxh5+
Kh6 34. a3 Qd4 35. Qxe6+ Rf6 36. Rxd4 Rxe6 37. axb4 axb4 38. Kc2 Kxh5 39. Kb3
Kg5 40. Kxb4 Kf5 41. b3 Ke5 42. Rd5+ Ke4 43. h4 1-0

[Event "Sparkassen Open A 2013"]
[Site "Dortmund GER"]
[Date "2013.08.03"]
[Round "8.20"]
[White "Businger, Paul"]
[Black "Buckels, Valentin"]
[Result "1-0"]
[WhiteElo "2073"]
[BlackElo "1975"]
[WhiteFideId "1306111"]
[BlackFideId "12942766"]
[EventDate "2013.07.27"]

1. e4 e5 2. Nf3 Nc6 3. d4 exd4 4. Nxd4 Nf6 5. Nxc6 bxc6 6. Bd3 d5 7. exd5 cxd5
8. O-O Be7 9. c4 O-O 10. cxd5 Qxd5 11. Nc3 Qc6 12. Bb5 Qb6 13. Qe2 Be6 14. Be3
c5 15. f3 a6 16. Bc4 Bxc4 17. Qxc4 Qxb2 18. Rab1 Qc2 19. Rb7 Bd6 20. Rf2 Qf5 21.
Re2 Qc8 22. Reb2 Qe8 23. Bf2 Qe5 24. g3 Qf5 25. Kg2 Rad8 26. Rd2 h6 27. Qxa6 Be5
28. Rxd8 Rxd8 29. Qc4 Rd7 30. Rxd7 Nxd7 31. Ne4 Bd4 32. Bxd4 cxd4 33. Qxd4 Ne5
34. Qe3 Qe6 35. Qb3 Qe7 36. a4 Kh7 37. Nf2 Qc5 38. Qd1 Nc4 39. Qd3+ g6 40. Ne4
Ne3+ 41. Kf2 Ng4+ 42. Ke2 Qc6 43. fxg4 Qxa4 44. h4 Qa2+ 45. Kf3 Qa1 46. Kg2 Qb2+
47. Kh3 Qc1 48. Qf3 Kg7 49. Qc3+ 1-0

[Event "Sparkassen Open A 2013"]
[Site "Dortmund GER"]
[Date "2013.08.03"]
[Round "8.21"]
[White "Strathoff, Martin"]
[Black "Reisberg, Andre"]
[Result "0-1"]
[WhiteElo "2059"]
[BlackElo "1955"]
[WhiteFideId "24609560"]
[BlackFideId "1270630"]
[EventDate "2013.07.27"]

1. d4 d5 2. c4 c6 3. Nf3 Nf6 4. Nc3 e6 5. Bg5 h6 6. Bh4 Be7 7. e3 Nbd7 8. Bd3
O-O 9. O-O dxc4 10. Bxc4 Nd5 11. Bxe7 Qxe7 12. Qc2 Nxc3 13. bxc3 b5 14. Bd3 Bb7
15. Rab1 Rab8 16. a4 a6 17. Rb2 Nb6 18. axb5 cxb5 19. Ne5 Rfc8 20. Qd2 Bd5 21.
f4 Bc4 22. f5 Bxd3 23. Qxd3 Nc4 24. Rbf2 Nxe5 25. dxe5 exf5 26. Rxf5 Rf8 27. Qd4
Rbd8 28. Qf4 Rde8 29. Rf3 f6 30. Qh4 Kh7 31. exf6 Rxf6 32. Rxf6 gxf6 33. Rh3 Qg7
34. Rg3 Qf7 35. h3 Re5 36. Rf3 Kg7 37. Qg4+ Rg5 38. Qc8 a5 39. Qa8 a4 40. Rf4
Qe7 41. Kf2 Qd7 42. Rd4 Qc7 43. g4 Re5 44. Rd8 Qf7 45. Qc6 Qa2+ 46. Kf3 Qe6 47.
Qb7+ Kg6 48. Qa7 a3 49. h4 a2 50. Rd2 Rxe3+ 51. Kf2 Rxc3 52. Rxa2 Qxg4 53. h5+
Qxh5 54. Kf1 Qh1+ 55. Ke2 Qg2+ 56. Kd1 Qf1+ 57. Kd2 Rd3+ 0-1

[Event "Sparkassen Open A 2013"]
[Site "Dortmund GER"]
[Date "2013.08.03"]
[Round "8.22"]
[White "Simanowski, Mio"]
[Black "Hellwig, Thomas"]
[Result "1/2-1/2"]
[WhiteElo "1864"]
[BlackElo "2046"]
[WhiteFideId "24687154"]
[BlackFideId "24646547"]
[EventDate "2013.07.27"]

1. e4 c5 2. Nf3 d6 3. d4 cxd4 4. Qxd4 a6 5. c4 Nc6 6. Qd3 g6 7. Be2 Bg7 8. O-O
Nf6 9. a3 O-O 10. Nc3 Bg4 11. Be3 Rc8 12. Nd2 Ne5 13. Qc2 Bxe2 14. Nxe2 b5 15.
b3 d5 16. c5 dxe4 17. Nxe4 Qd3 18. Nxf6+ Bxf6 19. Rac1 Rfd8 20. h3 Qxc2 21. Rxc2
Rd3 22. Nc1 Rd7 23. f4 Nc6 24. Kf2 Rcd8 25. b4 Bd4 26. Re1 Bxe3+ 27. Rxe3 Rd2+
28. Rxd2 Rxd2+ 29. Re2 Rd4 30. g3 Rc4 31. Nb3 Rc3 32. Re3 Rc2+ 33. Re2 Rc3 34.
Re3 Rc2+ 35. Re2 1/2-1/2

[Event "Sparkassen Open A 2013"]
[Site "Dortmund GER"]
[Date "2013.08.03"]
[Round "8.23"]
[White "Carrasco, Paul"]
[Black "Meyes, Richard"]
[Result "1/2-1/2"]
[WhiteElo "2034"]
[BlackElo "1808"]
[WhiteFideId "2008670"]
[BlackFideId "12932833"]
[EventDate "2013.07.27"]

1. c4 Nf6 2. Nc3 g6 3. Nf3 Bg7 4. g3 O-O 5. Bg2 d6 6. O-O c6 7. d4 Qa5 8. d5 Bg4
9. h3 Bxf3 10. Bxf3 Nfd7 11. e4 Bxc3 12. bxc3 Qxc3 13. Bh6 Qxc4 14. Qd2 Nc5 15.
Rac1 Qa6 16. Qb2 f6 17. Rxc5 dxc5 18. Bg4 Qb6 19. Be6+ Rf7 20. Qe2 Qd8 21. dxc6
Nxc6 22. Bxf7+ Kxf7 23. Qc4+ e6 24. Qxc5 Qd4 25. Qc2 Rd8 26. Rb1 Qd7 27. Be3 b6
28. Rc1 Ne7 29. a4 Rc8 30. Rd1 Qc6 1/2-1/2

[Event "Sparkassen Open A 2013"]
[Site "Dortmund GER"]
[Date "2013.08.03"]
[Round "8.24"]
[White "Giraud, Valerian"]
[Black "Algars, Olle"]
[Result "0-1"]
[WhiteElo "1955"]
[BlackElo "2090"]
[WhiteFideId "12920355"]
[BlackFideId "1702513"]
[EventDate "2013.07.27"]

1. d4 Nf6 2. c4 c5 3. d5 b5 4. cxb5 a6 5. bxa6 g6 6. Nc3 Bxa6 7. e4 Bxf1 8. Kxf1
d6 9. g3 Bg7 10. Kg2 O-O 11. Nf3 Nbd7 12. a4 Ng4 13. Nd2 Nge5 14. Qe2 Nb6 15. f4
Ned7 16. Nf3 Bxc3 17. bxc3 Rxa4 18. Bb2 Qc7 19. h4 Rfa8 20. h5 Ra2 21. hxg6 fxg6
22. Ng5 Nf8 23. Kf3 Qb7 24. Qh2 h5 25. Rxa2 Rxa2 26. Ra1 Rxa1 27. Bxa1 Qa6 28.
Qa2 Nh7 29. Nxh7 Kxh7 30. Qb1 Nc4 31. Kg2 Nd2 32. Qe1 Qd3 33. e5 Qxd5+ 34. Kh3
Nf3 35. Qe3 Nxe5 0-1

[Event "Sparkassen Open A 2013"]
[Site "Dortmund GER"]
[Date "2013.08.03"]
[Round "8.26"]
[White "Schulze, Marc"]
[Black "Hecht, Carsten"]
[Result "0-1"]
[WhiteElo "1926"]
[BlackElo "2087"]
[WhiteFideId "1271126"]
[BlackFideId "24693928"]
[EventDate "2013.07.27"]

1. d4 Nf6 2. Bf4 g6 3. c4 Bg7 4. Nc3 d5 5. cxd5 Nxd5 6. Nxd5 Qxd5 7. Bxc7 Nc6 8.
e3 Bf5 9. Nf3 Rc8 10. Bg3 Qa5+ 0-1

[Event "Sparkassen Open A 2013"]
[Site "Dortmund GER"]
[Date "2013.08.03"]
[Round "8.27"]
[White "Bramkamp, Rainer"]
[Black "Dyballa, Gerhard"]
[Result "1/2-1/2"]
[WhiteElo "2081"]
[BlackElo "1970"]
[WhiteFideId "4667298"]
[BlackFideId "4645189"]
[EventDate "2013.07.27"]

1. d4 Nf6 2. c4 e5 3. dxe5 Ng4 4. Bf4 Nc6 5. Nf3 Bb4+ 6. Nbd2 Qe7 7. a3 Ngxe5 8.
Nxe5 Nxe5 9. e3 Bxd2+ 10. Qxd2 d6 11. Be2 a5 12. b3 Bg4 13. f3 Be6 14. Rc1 O-O
15. O-O b6 16. e4 Nd7 17. Be3 f5 18. Bd3 Nc5 19. Bxc5 bxc5 20. exf5 Bxf5 21.
Rfe1 Qf6 22. Bxf5 Qxf5 23. a4 Rab8 24. Qxa5 Rxb3 25. Qxc7 Rb2 26. Qxd6 Rxg2+ 27.
Kxg2 Qxf3+ 28. Kg1 Qf2+ 29. Kh1 Qf3+ 30. Kg1 1/2-1/2

[Event "Sparkassen Open A 2013"]
[Site "Dortmund GER"]
[Date "2013.08.03"]
[Round "8.28"]
[White "Zimmermann, Dirk"]
[Black "Biermann, Florian"]
[Result "1-0"]
[WhiteElo "2050"]
[BlackElo "1807"]
[WhiteFideId "4677498"]
[BlackFideId "2812630"]
[EventDate "2013.07.27"]

1. d4 Nf6 2. c4 c5 3. d5 e5 4. Nc3 d6 5. e4 Be7 6. f4 exf4 7. Bxf4 g6 8. Be2
Nbd7 9. Nf3 Nh5 10. Be3 Bf6 11. Qd2 Ne5 12. Nxe5 Bxe5 13. O-O-O Nf6 14. h3 Qa5
15. Bd3 a6 16. Rhf1 b5 17. cxb5 axb5 18. Nxb5 Qb6 19. Bf4 c4 20. Bxe5 dxe5 21.
Bxc4 Nxe4 22. Qb4 Bf5 23. Rfe1 Qf2 24. Rxe4 Bxe4 25. Nd6+ Kd7 26. Nxe4 Qe3+ 27.
Nd2 Rhc8 28. Qc3 Rxc4 29. Qxc4 Rc8 30. Qxc8+ Kxc8 31. Kb1 Qd4 32. Rc1+ Kd8 33.
Nb3 Qxd5 34. Rc2 Qd3 35. Nc5 Qf1+ 36. Rc1 Qxg2 37. a4 Qxh3 38. a5 Qf5+ 39. Ka2
Qf4 40. Rc3 Qb4 41. a6 e4 42. a7 Qa5+ 43. Ra3 Qxc5 44. a8=Q+ Ke7 45. Qxe4+ Kf8
46. Ra4 Kg8 47. Qd4 Qc6 48. Ra7 h5 49. Rd7 Qa6+ 50. Kb3 Qb5+ 51. Kc3 Qc6+ 52.
Kb4 Kh7 53. Rxf7+ Kh6 54. Qf4+ 1-0

[Event "Sparkassen Open A 2013"]
[Site "Dortmund GER"]
[Date "2013.08.03"]
[Round "8.29"]
[White "Melmer, Felix"]
[Black "Sherif, Amina"]
[Result "0-1"]
[WhiteElo "2024"]
[BlackElo "1641"]
[WhiteFideId "24671878"]
[BlackFideId "12911690"]
[EventDate "2013.07.27"]

1. f4 d5 2. Nf3 g6 3. g3 Bg7 4. Bg2 c5 5. O-O Nf6 6. d3 Nc6 7. c3 O-O 8. Na3 Rb8
9. Ne5 Qb6 10. Kh1 Rd8 11. Qa4 Bd7 12. Nxd7 Rxd7 13. e4 e6 14. Rb1 Rdd8 15. Be3
d4 16. Bg1 Qc7 17. Nb5 Qd7 18. e5 Ne8 19. Na3 Nc7 20. cxd4 cxd4 21. Rfc1 Nd5 22.
Bxd4 Ndb4 23. Bg1 Nxd3 24. Rd1 Nxb2 25. Rxd7 Nxa4 26. Rdxb7 Rxb7 27. Rxb7 Nb8
28. Rxa7 Nc3 29. Nc4 Ne2 30. Nd6 Nxg1 31. Ra8 Ne2 32. a4 Bf8 33. a5 Nc3 34. Bf3
Na4 35. a6 Nb6 36. Ra7 Bxd6 37. exd6 Rxd6 38. Be2 Rd7 39. Rxd7 N8xd7 40. Bb5 Nc5
41. a7 Kf8 42. Bc6 Ke7 43. Kg2 Kd6 44. a8=Q Nxa8 45. Bxa8 f6 46. Kf3 e5 47. Ke3
Ne6 48. h4 exf4+ 49. gxf4 Ng7 50. Kf3 Nf5 51. Kg4 h5+ 52. Kh3 Kc5 53. Bb7 Ne7
54. Kg3 Kd4 55. Kf3 Nf5 56. Bc6 Nxh4+ 57. Kg3 Nf5+ 58. Kf3 Nd6 59. Bd7 g5 60.
fxg5 fxg5 61. Be6 Ke5 62. Bd7 Nf5 63. Be8 g4+ 64. Kg2 h4 65. Bh5 Kf4 66. Be8 h3+
67. Kg1 Kg3 68. Bd7 Ne3 69. Kh1 Nd1 70. Bc6 h2 0-1

[Event "Sparkassen Open A 2013"]
[Site "Dortmund GER"]
[Date "2013.08.03"]
[Round "8.31"]
[White "Schuetzhold, Frank"]
[Black "Nepveu, Manuel"]
[Result "1/2-1/2"]
[WhiteElo "1886"]
[BlackElo "1955"]
[WhiteFideId "4624980"]
[BlackFideId "1006339"]
[EventDate "2013.07.27"]

1. f4 Nf6 2. b3 d5 3. Bb2 g6 4. e3 Bg7 5. Nf3 O-O 6. Be2 Bg4 7. O-O c5 8. d3 Nc6
9. Nbd2 Rc8 10. c4 e6 11. e4 Bxf3 12. Bxf3 dxe4 13. dxe4 e5 14. fxe5 Nd7 15. Bg4
Ncxe5 16. Rb1 Rc6 17. Bxd7 Qxd7 18. Bxe5 Bxe5 19. Nf3 Bd4+ 20. Nxd4 Qxd4+ 21.
Qxd4 cxd4 22. Rbd1 Rd8 23. Rf4 Re6 24. e5 Rxe5 25. Rfxd4 Rxd4 26. Rxd4 1/2-1/2

[Event "Sparkassen Open A 2013"]
[Site "Dortmund GER"]
[Date "2013.08.03"]
[Round "8.33"]
[White "Hassler, Rolf"]
[Black "Rolf, Marco"]
[Result "0-1"]
[WhiteElo "1887"]
[BlackElo "1932"]
[WhiteFideId "4638255"]
[BlackFideId "24691143"]
[EventDate "2013.07.27"]

1. e4 e6 2. d3 d5 3. Nd2 Nf6 4. Ngf3 Bc5 5. e5 Nfd7 6. d4 Be7 7. c3 c5 8. Bd3
Nc6 9. O-O a5 10. Re1 cxd4 11. cxd4 g5 12. h3 h5 13. Bb5 Qb6 14. Bxc6 bxc6 15.
Nf1 Rg8 16. N3h2 Ba6 17. Re3 c5 18. Rb3 Qa7 19. Be3 cxd4 20. Bxd4 Bc5 21. Bxc5
Nxc5 22. Rf3 Rb8 23. Qc2 Ne4 24. Rc1 Rg7 25. Ng3 Nxg3 26. Rxg3 Ke7 27. Rc3 Rb7
28. Qa4 Qb6 29. Qd1 Qxb2 30. Rc7+ Rxc7 31. Rxc7+ Kd8 32. Rc6 Bb5 33. Rd6+ Kc7
34. Qe1 Qb4 35. Qd1 g4 36. hxg4 hxg4 37. Qc1+ Bc4 38. g3 Rg6 39. Qf4 Qb1+ 40.
Kg2 Qe4+ 41. Qxe4 dxe4 42. a3 Rg5 43. Rd4 Bd5 44. Rd2 e3+ 45. Rxd5 exd5 46. fxe3
Kb6 47. a4 Kc5 48. Kf2 Kb4 0-1